Zhongguo she wai jing ji fa /

Saved in:
நூற்பட்டியல் விவரங்கள்
மற்ற எழுத்தாளர்கள்: Shen, Sibao.
வடிவம்: புத்தகம்
மொழி:Chinese
வெளியீடப்பட்டது: Beijing Shi : Shou du jing ji mao yi da xue chu ban she, 1997.
பதிப்பு:Di 1 ban.
பகுதிகள்:
குறியீடுகள்: குறிச்சொல் இணை
குறியீடுகள் இல்லை, இந்த குறிச்சொல்லை முதலில் பதிவு செய்யுங்கள்!
LEADER 01008cam a2200313 a 4500
001 007785060-2
005 20020531103421.0
008 981005s1997 cc b 000 0 chi d
020 |a 7563806490 
035 0 |a ocm40258533 
035 1 |a MAHO98B41 
035 1 |z MAHL98B1192 
040 |a MH-L  |c MH-L  |d CStRLIN 
043 |a a-cc--- 
050 0 0 |a KNQ3405  |b .Z47 1997 
245 0 0 |6 880-01  |a Zhongguo she wai jing ji fa /  |c Shen Sibao zhu bian. 
250 |6 880-02  |a Di 1 ban. 
260 |6 880-03  |a Beijing Shi :  |b Shou du jing ji mao yi da xue chu ban she,  |c 1997. 
300 |a 4, 454 p. ;  |c 21 cm. 
504 |a Includes bibliographical references. 
650 0 |a Foreign trade regulation  |z China. 
650 0 |a Conflict of laws  |z China. 
700 1 |6 880-04  |a Shen, Sibao. 
880 0 0 |6 245-01  |a 中国涉外经济法 /  |c 沈四宝主编. 
880 |6 250-02  |a 第1版. 
880 |6 260-03  |a 北京市 :  |b 首都经济贸易大学出版社,  |c 1997. 
880 1 |6 700-04  |a 沈四宝. 
988 |a 20021101 
906 |0 MH